Alle Länder über 1.500 Meter Ø-Höhe - Statistiken

Allgemein
  • Dieses Quiz wurde 285 mal gespielt
  • Das Durchschnittsergebnis liegt bei 7 aus 13
Antwortstatistiken
Ø Höhe Land % Korrekt
3.265m Nepal
97%
3.280m Bhutan
87%
1.555m Peru
70%
1.871m Chile
63%
1.840m Volksrepublik China
62%
2.988m Kirgisistan
59%
3.186m Tadschikistan
58%
1.885m Afghanistan
57%
1.528m Mongolei
55%
1.792m Armenien
28%
1.598m Ruanda
26%
1.504m Burundi
25%
2.161m Lesotho
22%
Keine übereinstimmenden Quizze gefunden
Verteilung der Resultate
Anzahl Personen mit jedem Resultat
Perzentil nach korrekt beantworteten Fragen
Ihre Resultats-Entwicklung
Sie haben dieses Quiz noch nicht gespielt